Countries Border Blitz Quiz Stats

 Plays Quiz not verified by Sporcle

Challenge
Share
Tweet
Embed
Score 0/39 Timer 02:00
0 Plays Today
Countries bordering ......... Borders % Correct
IranIraq
100%
GermanyFrance
92.9%
ChinaRussia
90.2%
GermanyAustria
87.5%
BrazilArgentina
86.6%
IranAfghanistan
85.7%
GermanyBelgium
85.7%
GermanyPoland
85.7%
ChinaAfghanistan
85.7%
BrazilPeru
84.8%
BrazilParaguay
84.8%
BrazilUruguay
83.9%
GermanyDenmark
83%
GermanySwitzerland
83%
BrazilGuyana
83%
GermanyNetherlands
82.1%
ChinaMongolia
80.4%
BrazilSuriname
80.4%
IranPakistan
79.5%
ChinaPakistan
79.5%
Countries bordering ......... Borders % Correct
BrazilColombia
79.5%
ChinaNorth Korea
78.6%
BrazilBolivia
78.6%
ChinaIndia
77.7%
ChinaNepal
77.7%
BrazilVenezuela
77.7%
GermanyLuxembourg
75.9%
GermanyCzech Republic
74.1%
ChinaKazakhstan
74.1%
ChinaLaos
73.2%
ChinaVietnam
71.4%
IranTurkmenistan
70.5%
ChinaBhutan
68.8%
ChinaKyrgyzstan
68.8%
IranAzerbaijan
64.3%
ChinaMyanmar
64.3%
ChinaTajikistan
63.4%
IranTurkey
62.5%
IranArmenia
57.1%

You're not logged in!

Compare scores with friends on all Sporcle quizzes.
OR
Log In

You Might Also Like...

Show Comments

Extras

Top Quizzes Today


Score Distribution

Your Account Isn't Verified!

In order to create a playlist on Sporcle, you need to verify the email address you used during registration. Go to your Sporcle Settings to finish the process.

Report this User

Report this user for behavior that violates our Community Guidelines.

Details: